Japan in the Year 2000 : Preparing Japan for an Age of Internationalization, the Aging Society and Maturity
Population Aging in Japan: Problems and Policy Issues in 21st Century. International Case of Japan." Prepared for the International Conference on Population and Family Planning, Japan in the Year 2000. Preparing Japan for an Age of Internationalization, the Aging Society and Maturity.
Đã lưu trong:
| 企业作者: | |
|---|---|
| 格式: | 图书 |
| 语言: | Undetermined |
| 出版: |
Tokyo
The Japan times
1983
|
| 主题: | |
| 标签: |
添加标签
没有标签, 成为第一个标记此记录!
|
| Thư viện lưu trữ: | Trung tâm Học liệu Trường Đại học Cần Thơ |
|---|
| LEADER | 01100nam a2200229Ia 4500 | ||
|---|---|---|---|
| 001 | CTU_227662 | ||
| 008 | 210402s9999 xx 000 0 und d | ||
| 082 | |a 305.26 | ||
| 082 | |b L849 | ||
| 110 | |a Long-Term outlook committee, economic council, economic planning agency | ||
| 245 | 0 | |a Japan in the Year 2000 : | |
| 245 | 0 | |b Preparing Japan for an Age of Internationalization, the Aging Society and Maturity | |
| 245 | 0 | |c Long-Term outlook committee, economic council, economic planning agency | |
| 260 | |a Tokyo | ||
| 260 | |b The Japan times | ||
| 260 | |c 1983 | ||
| 520 | |a Population Aging in Japan: Problems and Policy Issues in 21st Century. International Case of Japan." Prepared for the International Conference on Population and Family Planning, Japan in the Year 2000. Preparing Japan for an Age of Internationalization, the Aging Society and Maturity. | ||
| 650 | |a Lão hóa dân số,Population aging | ||
| 650 | |x Khía cạnh dân số,Economic aspects | ||
| 650 | |z Nhật Bản,Japan | ||
| 910 | |b dqhieu | ||
| 980 | |a Trung tâm Học liệu Trường Đại học Cần Thơ | ||